• 首页
  • 本馆介绍
  • 公告通知
  • 最新文献
  • 馆藏检索
  • 电子资源
  • 读者导购
  • 参考咨询
  • 我的图书馆
  • 登录
  • 详细信息显示
  • 放入我的书架
  • 预约/预借图书
  • 作者相关作品
  • 分类相关作品
  • 丛书相关作品
  • 出版社相关作品

书目信息

  • 表格格式
  • 工作单格式
  • 卡片格式
题名:
高中化学进阶实验
    
 
作者: 黄秀娟 , 陈迪妹 主编
分册:  
出版信息: 北京   科学出版社  2016.6
页数: 129页
开本: 24cm
丛书名: 大学先修课程——化学实验教学与案例丛书
单 册:
中图分类: G634.83
科图分类:
主题词: 中学化学课--化学实验--高中--题解
电子资源:
ISBN: 978-7-03-048820-6
000 01119nam0 2200289 45
001 012001001376
005 20140913154908.0
010    @a978-7-03-048820-6@dCNY28.00
090    @aG634.8@bhxj
096    @aG634.8@bhxj
100    @a20160804d2016 em y0chiy50 ea
101 0  @achi
102    @aCN@b110000
105    @aa z 000yy
106    @ar
200 1  @a高中化学进阶实验@Agao zhong hua xue jin jie shi yan@f黄秀娟,陈迪妹主编
210    @a北京@c科学出版社@d2016.6
215    @a129页@c图@d24cm
225 1  @a大学先修课程——化学实验教学与案例丛书
330    @a本书内容贯穿高中化学必修知识主线,包含走进化学试验室、化学基本装置的设计、综合实验探索、拓展实验探究、实验自主研究五个阶梯,将初中化学实验与高中化学《必修1》、《实验化学》中的实验重新整合成一门具有独立体系的化学进阶实验课程。
461  0 @12001 @a大学先修课程——化学实验教学与案例丛书
606 0  @a中学化学课@x化学实验@x高中@j题解
690    @aG634.83@v5
701  0 @a黄秀娟@Ahuang xiu juan@c(高中化学)@4主编
701  0 @a陈迪妹@Achen di mei@c(女,@f1966~)@4主编
801  0 @aCN@bBJSDL@c20211011
905    @b1334178-82@dG634.83@e2415@f5
    
    高中化学进阶实验/黄秀娟,陈迪妹主编.-北京:科学出版社,2016.6
    129页:图;24cm.-(大学先修课程——化学实验教学与案例丛书)
    
    
    ISBN 978-7-03-048820-6:CNY28.00
    本书内容贯穿高中化学必修知识主线,包含走进化学试验室、化学基本装置的设计、综合实验探索、拓展实验探究、实验自主研究五个阶梯,将初中化学实验与高中化学《必修1》、《实验化学》中的实验重新整合成一门具有独立体系的化学进阶实验课程。
●
相关链接 在E读中查询图书 在五车中查询图书 在当当中查询图书 在豆瓣中查询图书


正题名:高中化学进阶实验     索取号:G634.83/2415         预约/预借

序号 登录号 条形码 馆藏地/架位号 状态 备注
1 1334178   213341784   第一样本阅览室/ [索取号:G634.83/2415] 在馆    
2 1334179   213341793   第四借阅区/ [索取号:G634.83/2415] 在馆    
3 1334180   213341800   第四借阅区/ [索取号:G634.83/2415] 在馆    
4 1334181   213341819   第四借阅区/ [索取号:G634.83/2415] 在馆    
5 1334182   213341828   第四借阅区/ [索取号:G634.83/2415] 在馆    
唐山师范学院图书馆 欢迎您!
大连网信软件有限公司© 版权所有